[Event "RUS-chT U20"]
[Site "Rybinsk"]
[Date "2010.08.10"]
[Round "9"]
[White "Guzenko, Artem"]
[Black "Vorobev, Kirill"]
[Result "1/2-1/2"]
[WhiteElo "2223"]
[BlackElo "2126"]
[PlyCount "76"]
[EventDate "2010.08.02"]
[EventType "team-swiss"]
[EventRounds "9"]
[EventCountry "RUS"]
[SourceTitle "EXT 2011"]
[Source "ChessBase"]
[SourceDate "2010.11.26"]
[SourceVersion "1"]
[SourceVersionDate "2010.11.26"]
[SourceQuality "1"]

1. e4 e6 2. d4 d5 3. Nc3 Nf6 4. Bg5 Bb4 5. Nge2 h6 6. Bxf6 Qxf6 7. a3 Bxc3+ 8. Nxc3 dxe4 9. Nxe4 Qe7 10. Bd3 Nd7 11. 0-0 0-0 12. c3 b6 13. Bc2 Ba6 14. Re1 Rad8 15. Qf3 c5 16. dxc5 Nxc5 17. Nxc5 Qxc5 18. Qe4 g6 19. Qf4 Qg5 20. Qxg5 hxg5 21. Rad1 Kg7 22. f3 Bb7 23. Kf2 Kf6 24. c4 Ba6 25. b3 Ke7 26. Ke3 f5 27. Rxd8 Rxd8 28. Rd1 Rh8 29. h3 e5 30. Rd2 Ke6 31. Rd1 Rc8 32. Bd3 Rh8 33. Bc2 Ke7 34. Rd5 Ke6 35. Rd1 Ke7 36. Rd5 Ke6 37. Rd1 Ke7 38. Rd5 Ke6 1/2-1/2

[Event "RUS-chT U20"]
[Site "Rybinsk"]
[Date "2010.08.06"]
[Round "5"]
[White "Vorobev, Kirill"]
[Black "Davidenko, Evgeny"]
[Result "0-1"]
[WhiteElo "2126"]
[BlackElo "1937"]
[PlyCount "124"]
[EventDate "2010.08.02"]
[EventType "team-swiss"]
[EventRounds "9"]
[EventCountry "RUS"]
[SourceTitle "EXT 2011"]
[Source "ChessBase"]
[SourceDate "2010.11.26"]
[SourceVersion "1"]
[SourceVersionDate "2010.11.26"]
[SourceQuality "1"]

1. d4 Nf6 2. Nf3 d5 3. c4 c6 4. Nc3 e6 5. Qd3 dxc4 6. Qxc4 Nd5 7. e4 Nxc3 8. bxc3 Nd7 9. Bf4 Nb6 10. Qb3 Bd6 11. Be3 Qc7 12. Rd1 Bf4 13. Be2 Bxe3 14. fxe3 Bd7 15. 0-0 0-0 16. e5 c5 17. Rde1 Rac8 18. Qb1 cxd4 19. Ng5 g6 20. Qe4 h6 21. Nh3 Bc6 22. Qf4 Nd5 23. Qxh6 Qxe5 24. exd4 Qe3+ 25. Qxe3 Nxe3 26. Rf2 Bd5 27. Rc1 Bxa2 28. Rf3 Nd5 29. c4 Nb4 30. Ra3 b6 31. Rxa7 Ra8 32. Rxa8 Rxa8 33. Nf2 Nc6 34. c5 Nxd4 35. Bf3 Nxf3+ 36. gxf3 bxc5 37. Rxc5 Bd5 38. Rc3 Ra4 39. Kg2 Kg7 40. Kg3 Ra1 41. Ng4 g5 42. Ne3 Ba8 43. f4 Rg1+ 44. Kf2 Rh1 45. fxg5 Rxh2+ 46. Kg3 Rh5 47. Kf4 Rh4+ 48. Ng4 Bg2 49. Rc5 Bh3 50. Kg3 Rxg4+ 51. Kxh3 Ra4 52. Re5 Kg6 53. Kg3 Rd4 54. Kf3 Rd5 55. Re1 Rxg5 56. Ke4 Ra5 57. Rg1+ Kf6 58. Rf1+ Ke7 59. Rd1 f5+ 60. Kf4 Kf6 61. Rd6 Ra4+ 62. Kf3 Ke5 0-1

[Event "RUS-chT U20"]
[Site "Rybinsk"]
[Date "2010.08.04"]
[Round "3"]
[White "Palachev, Petr"]
[Black "Vorobev, Kirill"]
[Result "1-0"]
[WhiteElo "2201"]
[BlackElo "2126"]
[PlyCount "61"]
[EventDate "2010.08.02"]
[EventType "team-swiss"]
[EventRounds "9"]
[EventCountry "RUS"]
[SourceTitle "EXT 2011"]
[Source "ChessBase"]
[SourceDate "2010.11.26"]
[SourceVersion "1"]
[SourceVersionDate "2010.11.26"]
[SourceQuality "1"]

1. d4 d5 2. Nf3 Nf6 3. e3 e6 4. Bd3 Nbd7 5. Nbd2 Bd6 6. 0-0 c5 7. c3 0-0 8. Re1 e5 9. e4 dxe4 10. Nxe4 Nxe4 11. Bxe4 exd4 12. cxd4 h6 13. Be3 c4 14. Qc1 Nf6 15. Bb1 Be6 16. Bxh6 gxh6 17. Qxh6 Re8 18. Qg5+ Kf8 19. Qh6+ Kg8 20. Qg5+ Kf8 21. d5 Bxd5 22. Qh6+ Kg8 23. Rxe8+ Qxe8 24. Qg5+ Kf8 25. Qxf6 Qc6 26. Qh8+ Ke7 27. Qxa8 Bxf3 28. Bf5 Bxg2 29. Re1+ Kf6 30. Bc2 Kg7 31. Qd8 1-0

[Event "RUS-chT U20"]
[Site "Rybinsk"]
[Date "2010.08.03"]
[Round "2"]
[White "Vorobev, Kirill"]
[Black "Ulanov, Alexandr"]
[Result "0-1"]
[WhiteElo "2126"]
[BlackElo "2325"]
[PlyCount "114"]
[EventDate "2010.08.02"]
[EventType "team-swiss"]
[EventRounds "9"]
[EventCountry "RUS"]
[SourceTitle "EXT 2011"]
[Source "ChessBase"]
[SourceDate "2010.11.26"]
[SourceVersion "1"]
[SourceVersionDate "2010.11.26"]
[SourceQuality "1"]

1. d4 Nf6 2. Nf3 g6 3. c4 Bg7 4. Nc3 0-0 5. e4 d6 6. Be2 e5 7. dxe5 dxe5 8. Qxd8 Rxd8 9. Bg5 Re8 10. 0-0-0 h6 11. Bh4 Na6 12. Ne1 c6 13. f3 Nh5 14. Nc2 Bf8 15. Bf2 Nf4 16. Bf1 Ne6 17. Be2 Nb4 18. Be3 Nxc2 19. Kxc2 Bg7 20. Bd3 Bf8 21. Kc1 Kg7 22. Bc2 Bc5 23. Bxc5 Nxc5 24. b4 Ne6 25. Ne2 Kf8 26. Kb2 Ke7 27. Rd2 Rd8 28. Rxd8 Nxd8 29. Rd1 a5 30. a3 Be6 31. Bb3 c5 32. bxc5 Rc8 33. Nc3 Rxc5 34. Na4 Rc7 35. c5 f6 36. Bxe6 Nxe6 37. Rc1 Nf4 38. Rc2 f5 39. Rd2 fxe4 40. fxe4 Rd7 41. Rxd7+ Kxd7 42. g3 Nd3+ 43. Kc3 Nf2 44. Kd2 Nxe4+ 45. Ke3 Nf6 46. Nb6+ Ke6 47. Nc4 Nd7 48. c6 bxc6 49. Nxa5 Kd5 50. Nb3 Nb6 51. Na5 c5 52. Kd3 e4+ 53. Ke3 Nc4+ 54. Nxc4 Kxc4 55. Kxe4 Kb3 56. a4 Kxa4 57. Kd3 Kb3 0-1

[Event "Voronezh op-B 14th"]
[Site "Voronezh"]
[Date "2010.06.21"]
[Round "9"]
[White "Vorobev, Kirill"]
[Black "Makarkin, Zhan"]
[Result "0-1"]
[WhiteElo "2074"]
[BlackElo "2159"]
[PlyCount "50"]
[EventDate "2010.06.12"]
[EventType "swiss"]
[EventRounds "9"]
[EventCountry "RUS"]
[SourceTitle "CBM 137 Extra"]
[Source "ChessBase"]
[SourceDate "2010.09.01"]
[SourceVersion "1"]
[SourceVersionDate "2010.09.01"]
[SourceQuality "1"]

1. d4 d5 2. Nf3 Nf6 3. g3 c6 4. Bg2 g6 5. 0-0 Bg7 6. b3 0-0 7. Bb2 Nbd7 8. Nbd2 Re8 9. c4 e6 10. Qc2 b6 11. e4 dxe4 12. Nxe4 Nxe4 13. Qxe4 Bb7 14. Qf4 Rb8 15. Ng5 Nf6 16. Bh3 h6 17. Nf3 g5 18. Nxg5 hxg5 19. Qxg5 Nh7 20. Qg4 Qg5 21. Qe2 Nf6 22. Bg2 c5 23. Rfd1 Bxg2 24. Kxg2 Rbd8 25. dxc5 Qxc5 0-1

[Event "Voronezh op-B 14th"]
[Site "Voronezh"]
[Date "2010.06.14"]
[Round "3"]
[White "Vorobev, Kirill"]
[Black "Manukovsky, Vladimir"]
[Result "1-0"]
[WhiteElo "2074"]
[BlackElo "2259"]
[PlyCount "67"]
[EventDate "2010.06.12"]
[EventType "swiss"]
[EventRounds "9"]
[EventCountry "RUS"]
[SourceTitle "CBM 137 Extra"]
[Source "ChessBase"]
[SourceDate "2010.09.01"]
[SourceVersion "1"]
[SourceVersionDate "2010.09.01"]
[SourceQuality "1"]

1. d4 d5 2. Nf3 Nf6 3. c4 c6 4. Nc3 g6 5. Bf4 Bg7 6. Qb3 0-0 7. e3 e6 8. Be2 Nbd7 9. h3 b6 10. 0-0 Bb7 11. cxd5 Nxd5 12. Nxd5 exd5 13. Rac1 Re8 14. Qa4 a6 15. b4 Qe7 16. Qb3 Bf8 17. a3 a5 18. Rb1 axb4 19. axb4 b5 20. Rfc1 Ra4 21. Ra1 Rea8 22. Rxa4 Rxa4 23. Bd1 Rxb4 24. Qa2 Rc4 25. Ra1 Nb6 26. Qa7 Nc8 27. Qb8 c5 28. Ne5 Rc3 29. Bg5 Qxg5 30. Qxb7 Nd6 31. Qxd5 c4 32. Bf3 Qf5 33. Ra8 Rc1+ 34. Kh2 1-0

[Event "Voronezh op-B 14th"]
[Site "Voronezh"]
[Date "2010.06.13"]
[Round "2"]
[White "Vorobev, Kirill"]
[Black "Ponomariov, Timur"]
[Result "1-0"]
[WhiteElo "2074"]
[BlackElo "2268"]
[PlyCount "45"]
[EventDate "2010.06.12"]
[EventType "swiss"]
[EventRounds "9"]
[EventCountry "RUS"]
[SourceTitle "CBM 137 Extra"]
[Source "ChessBase"]
[SourceDate "2010.09.01"]
[SourceVersion "1"]
[SourceVersionDate "2010.09.01"]
[SourceQuality "1"]

1. d4 d5 2. Nf3 c5 3. g3 Nc6 4. Bg2 Nf6 5. 0-0 cxd4 6. Nxd4 e5 7. Nxc6 bxc6 8. c4 Be6 9. Qa4 Qd7 10. Rd1 Rb8 11. cxd5 cxd5 12. Qxd7+ Kxd7 13. Nc3 Kc6 14. Bg5 Rxb2 15. Bxf6 gxf6 16. Nxd5 Bxd5 17. Rxd5 Kb6 18. Rd7 Rxe2 19. Rb1+ Kc5 20. Rc7+ Kd6 21. Rc6+ Ke7 22. Rb7+ Kd8 23. Bh3 1-0

[Event "Anapa op"]
[Site "Anapa"]
[Date "2009.09.06"]
[Round "7"]
[White "Zhitnikov, Sergey"]
[Black "Vorobev, Kirill"]
[Result "1-0"]
[WhiteElo "2348"]
[BlackElo "2084"]
[PlyCount "61"]
[EventDate "2009.08.31"]
[EventType "swiss"]
[EventRounds "9"]
[EventCountry "RUS"]
[SourceTitle "CBM 132 Extra"]
[Source "ChessBase"]
[SourceDate "2009.11.03"]
[SourceVersion "1"]
[SourceVersionDate "2009.11.03"]
[SourceQuality "1"]

1. d4 d5 2. c4 e6 3. Nf3 Nf6 4. g3 Be7 5. Bg2 c6 6. 0-0 Nbd7 7. Qc2 0-0 8. Nbd2 b6 9. e4 dxe4 10. Nxe4 Bb7 11. Nxf6+ Bxf6 12. Bf4 Re8 13. Rad1 Nf8 14. c5 Ng6 15. Bd6 Be7 16. Bxe7 Qxe7 17. h4 Qc7 18. Rfe1 Rad8 19. b4 bxc5 20. dxc5 Rxd1 21. Rxd1 a5 22. a3 axb4 23. axb4 e5 24. Ng5 Rd8 25. Rxd8+ Qxd8 26. b5 Qd7 27. b6 h6 28. Ne4 f5 29. Nd6 Ne7 30. Qa2+ Kh7 31. Qa7 1-0

[Event "Anapa op"]
[Site "Anapa"]
[Date "2009.09.02"]
[Round "3"]
[White "Osmolny, Vladimir I"]
[Black "Vorobev, Kirill"]
[Result "0-1"]
[WhiteElo "2283"]
[BlackElo "2084"]
[PlyCount "91"]
[EventDate "2009.08.31"]
[EventType "swiss"]
[EventRounds "9"]
[EventCountry "RUS"]
[SourceTitle "CBM 132 Extra"]
[Source "ChessBase"]
[SourceDate "2009.11.03"]
[SourceVersion "1"]
[SourceVersionDate "2009.11.03"]
[SourceQuality "1"]

1. d4 d5 2. Nf3 e6 3. g3 c5 4. Bg2 Nc6 5. 0-0 cxd4 6. Nxd4 Bc5 7. Nxc6 bxc6 8. c4 Ne7 9. Qc2 Bb6 10. Rd1 0-0 11. Nc3 Bb7 12. Na4 Qc8 13. Bf4 Ng6 14. Bd6 Rd8 15. Nxb6 axb6 16. c5 bxc5 17. Bxc5 Ne5 18. b3 Qc7 19. Rd2 Nd7 20. e4 Nxc5 21. Qxc5 Qa5 22. Qxa5 Rxa5 23. a4 Rda8 24. exd5 exd5 25. Rc1 Kf8 26. Bf3 Rb8 27. Rdc2 Ke7 28. Bd1 Ba8 29. Kf1 Kd6 30. Rc3 c5 31. Bf3 d4 32. Rd3 Bd5 33. Bxd5 Kxd5 34. Ke2 Rb4 35. Rf3 f6 36. h4 Rb6 37. g4 Re6+ 38. Kd3 h6 39. Rf5+ Re5 40. f4 Rxf5 41. gxf5 Ra7 42. Ra1 Rb7 43. Ra3 Re7 44. Ra2 Re3+ 45. Kd2 Ke4 46. a5 0-1

[Event "Obninsk op"]
[Site "Obninsk"]
[Date "2009.07.??"]
[Round "3"]
[White "Granovskiy, Alexandr"]
[Black "Vorobev, Kirill"]
[Result "1-0"]
[WhiteElo "2340"]
[BlackElo "2084"]
[PlyCount "107"]
[EventDate "2009.07.??"]
[EventType "swiss"]
[EventRounds "9"]
[EventCountry "RUS"]
[SourceTitle "CBM 131 Extra"]
[Source "ChessBase"]
[SourceDate "2009.09.03"]
[SourceVersion "2"]
[SourceVersionDate "2009.09.16"]
[SourceQuality "1"]

1. d4 d5 2. c4 e6 3. Nf3 c5 4. cxd5 exd5 5. Bg5 f6 6. Be3 c4 7. g3 Nc6 8. Bg2 Bb4+ 9. Bd2 a5 10. 0-0 Nge7 11. Bc3 0-0 12. a3 Bxc3 13. Nxc3 Rb8 14. a4 Be6 15. b3 cxb3 16. Qxb3 Qd7 17. Rfd1 Nb4 18. Rac1 Kh8 19. Nb5 Rbc8 20. Qb2 Rxc1 21. Rxc1 Rc8 22. Ne1 b6 23. e3 Rxc1 24. Qxc1 Qc8 25. Qxc8+ Bxc8 26. Nc3 Bb7 27. Bf1 Kg8 28. f3 Nf5 29. Kf2 Nd6 30. Nd3 Nxd3+ 31. Bxd3 f5 32. Bc2 Kf8 33. Bb3 Nc4 34. e4 fxe4 35. fxe4 Nd2 36. Bxd5 Bxd5 37. Nxd5 b5 38. Ke3 Nc4+ 39. Kd3 Nb2+ 40. Kc2 Nxa4 41. Kb3 Kf7 42. h3 g5 43. g4 Kg7 44. Nc7 Nb6 45. Nxb5 h5 46. gxh5 Kh6 47. Nd6 Kxh5 48. Nc4 Nd7 49. e5 Kh4 50. e6 Nf6 51. e7 Kxh3 52. d5 g4 53. d6 g3 54. Ne3 1-0

[Event "Obninsk op"]
[Site "Obninsk"]
[Date "2009.07.??"]
[Round "9"]
[White "Pak, Alexander"]
[Black "Vorobev, Kirill"]
[Result "1-0"]
[WhiteElo "1847"]
[BlackElo "2084"]
[PlyCount "73"]
[EventDate "2009.07.??"]
[EventType "swiss"]
[EventRounds "9"]
[EventCountry "RUS"]
[SourceTitle "CBM 131 Extra"]
[Source "ChessBase"]
[SourceDate "2009.09.03"]
[SourceVersion "2"]
[SourceVersionDate "2009.09.16"]
[SourceQuality "1"]

1. e4 c5 2. Nf3 Nc6 3. Nc3 g6 4. d4 cxd4 5. Nxd4 Bg7 6. Be3 Nf6 7. f3 0-0 8. Bc4 d6 9. Qd2 Bd7 10. 0-0-0 Qb8 11. Bb3 Rc8 12. Nde2 b5 13. Bh6 Bh8 14. h4 b4 15. Nd5 Nxd5 16. Bxd5 b3 17. Bxb3 a5 18. h5 Bf6 19. hxg6 hxg6 20. Qd5 Be8 21. Bg5 Bg7 22. c3 Nb4 23. Qd2 a4 24. Bd5 Nxd5 25. exd5 a3 26. b3 Bb5 27. Nd4 Rc5 28. Nxb5 Qxb5 29. c4 Rac8 30. Rh4 Bb2+ 31. Kc2 Rxc4+ 32. Rxc4 Rxc4+ 33. bxc4 Qxc4+ 34. Kb1 Qb5 35. Qd3 Qb6 36. Qb3 Qf2 37. Rh1 1-0

[Event "Kostroma Volga Cup op"]
[Site "Kostroma"]
[Date "2009.07.??"]
[Round "1"]
[White "Shaydullina, Sandugach"]
[Black "Vorobev, Kirill"]
[Result "1/2-1/2"]
[WhiteElo "2243"]
[BlackElo "2086"]
[PlyCount "40"]
[EventDate "2009.07.03"]
[EventType "swiss"]
[EventRounds "9"]
[EventCountry "RUS"]
[SourceTitle "EXT 2021"]
[Source "ChessBase"]
[SourceDate "2020.10.23"]
[SourceVersion "1"]
[SourceVersionDate "2020.10.23"]
[SourceQuality "1"]

1. d4 d5 2. c4 e6 3. Nc3 c5 4. cxd5 exd5 5. Nf3 c4 6. g3 Nc6 7. Bg2 Bb4 8. 0-0 Nge7 9. a3 Bxc3 10. bxc3 0-0 11. Rb1 Qa5 12. a4 Qxc3 13. Rb5 Bf5 14. Bb2 Qc2 15. Qa1 a6 16. Rxb7 Rab8 17. Rc1 Qxe2 18. Re1 Qc2 19. Rc1 Qe2 20. Re1 Qc2 1/2-1/2

[Event "Central FO-ch"]
[Site "Gagarin"]
[Date "2009.05.07"]
[Round "9"]
[White "Tkachuk, Andrey"]
[Black "Vorobev, Kirill"]
[Result "1/2-1/2"]
[WhiteElo "2125"]
[BlackElo "2096"]
[PlyCount "88"]
[EventDate "2009.05.01"]
[EventType "swiss"]
[EventRounds "9"]
[EventCountry "RUS"]
[SourceTitle "CBM 130 Extra"]
[Source "ChessBase"]
[SourceDate "2009.07.02"]
[SourceVersion "2"]
[SourceVersionDate "2009.07.15"]
[SourceQuality "1"]

1. c4 e6 2. Nf3 d5 3. e3 Nf6 4. b3 c5 5. Bb2 Nc6 6. cxd5 exd5 7. Bb5 Bg4 8. h3 Bh5 9. 0-0 Be7 10. d4 cxd4 11. Bxd4 0-0 12. Bb2 Qb6 13. Be2 Rfd8 14. Nd4 Bg6 15. Nd2 Rac8 16. N2f3 Ne4 17. Nxc6 bxc6 18. Ne5 Bf6 19. Nxg6 hxg6 20. Bxf6 gxf6 21. Bd3 Nd6 22. Qg4 Kg7 23. Rac1 a5 24. Rc2 c5 25. Rfc1 Qb4 26. Qxb4 cxb4 27. Rxc8 Rxc8 28. Rxc8 Nxc8 29. Kf1 f5 30. Ke2 Kf6 31. Kd2 Nd6 32. f3 Ke5 33. f4+ Ke6 34. g4 fxg4 35. hxg4 Kf6 36. Ke2 Nb7 37. e4 dxe4 38. Bxe4 Nc5 39. Ke3 g5 40. fxg5+ Kxg5 41. Bd5 f6 42. Kd4 Nd7 43. Be6 Ne5 44. Kc5 Nd3+ 1/2-1/2

[Event "Central FO-ch"]
[Site "Gagarin"]
[Date "2009.05.03"]
[Round "3"]
[White "Khalukov, Yury"]
[Black "Vorobev, Kirill"]
[Result "1-0"]
[WhiteElo "2276"]
[BlackElo "2096"]
[PlyCount "59"]
[EventDate "2009.05.01"]
[EventType "swiss"]
[EventRounds "9"]
[EventCountry "RUS"]
[SourceTitle "CBM 130 Extra"]
[Source "ChessBase"]
[SourceDate "2009.07.02"]
[SourceVersion "2"]
[SourceVersionDate "2009.07.15"]
[SourceQuality "1"]

1. d4 d5 2. Nf3 e6 3. e3 Nf6 4. Nbd2 c5 5. c3 Nbd7 6. Bd3 Bd6 7. 0-0 0-0 8. Re1 e5 9. e4 dxe4 10. Nxe4 Nxe4 11. Bxe4 exd4 12. cxd4 Nf6 13. Bg5 Be7 14. dxc5 Qc7 15. Qe2 h6 16. Bd3 Be6 17. Be3 Nd5 18. Nd4 Bxc5 19. Nxe6 fxe6 20. Bxc5 Qxc5 21. Qxe6+ Kh8 22. Qg6 Nf6 23. Re6 Kg8 24. Rae1 Rf7 25. Bf5 Qf8 26. Bc2 Kh8 27. h4 Rc7 28. Bf5 Rd8 29. g4 Qf7 30. Rxf6 1-0

[Event "Moscow op-B 04th"]
[Site "Moscow"]
[Date "2008.02.09"]
[Round "8"]
[White "Vorobev, Kirill"]
[Black "Bobrov, Valentin"]
[Result "1-0"]
[WhiteElo "2109"]
[BlackElo "2230"]
[PlyCount "71"]
[EventDate "2008.02.02"]
[EventType "swiss"]
[EventRounds "9"]
[EventCountry "RUS"]
[SourceTitle "CBM 122 Extra"]
[Source "ChessBase"]
[SourceDate "2008.03.04"]
[SourceVersion "1"]
[SourceVersionDate "2008.03.04"]
[SourceQuality "1"]

1. d4 Nf6 2. Nf3 d6 3. c4 Nbd7 4. Nc3 e5 5. g3 Be7 6. Bg2 0-0 7. 0-0 c6 8. e4 Ne8 9. Qc2 Nc7 10. Rd1 Qe8 11. Be3 f6 12. b4 Nb6 13. c5 Nc4 14. Bc1 Kh8 15. Qb3 b5 16. cxb6 Nxb6 17. Be3 Ba6 18. Bf1 Bxf1 19. Kxf1 Qh5 20. Kg2 f5 21. dxe5 fxe4 22. Nd4 dxe5 23. Nxc6 Qf3+ 24. Kg1 Rae8 25. Qc2 Nc4 26. Re1 Bg5 27. Bxg5 e3 28. Bxe3 Nxe3 29. Rxe3 Qxc6 30. Qe2 Qb6 31. a3 Ne6 32. Qb5 Qd8 33. Qd5 Qc8 34. Ne4 Qc2 35. Ra2 Qb1+ 36. Kg2 1-0

[Event "Moscow op-B 04th"]
[Site "Moscow"]
[Date "2008.02.04"]
[Round "3"]
[White "Tchernyi, Viktor"]
[Black "Vorobev, Kirill"]
[Result "0-1"]
[WhiteElo "2223"]
[BlackElo "2109"]
[PlyCount "20"]
[EventDate "2008.02.02"]
[EventType "swiss"]
[EventRounds "9"]
[EventCountry "RUS"]
[SourceTitle "CBM 122 Extra"]
[Source "ChessBase"]
[SourceDate "2008.03.04"]
[SourceVersion "1"]
[SourceVersionDate "2008.03.04"]
[SourceQuality "1"]

1. d4 d5 2. Nc3 c5 3. e4 dxe4 4. Bb5+ Bd7 5. dxc5 Qc7 6. Nd5 Qxc5 7. Bf4 e5 8. Bxe5 Bxb5 9. b4 Qc6 10. a4 Bc4 0-1

[Event "RUS Central Region-ch"]
[Site "Tula "]
[Date "2007.03.25"]
[Round "9"]
[White "Chuzhakin, Evgeny"]
[Black "Vorobev, Kirill"]
[Result "1/2-1/2"]
[WhiteElo "2204"]
[BlackElo "2058"]
[PlyCount "80"]
[EventDate "2007.03.17"]
[EventType "swiss"]
[EventRounds "9"]
[EventCountry "RUS"]
[SourceTitle "EXT 2008"]
[Source "ChessBase"]
[SourceDate "2007.11.25"]
[SourceVersion "1"]
[SourceVersionDate "2007.11.25"]
[SourceQuality "1"]

1. e4 e6 2. d4 d5 3. e5 c5 4. c3 Nc6 5. Nf3 Qb6 6. Bd3 Bd7 7. 0-0 Rc8 8. dxc5 Bxc5 9. b4 Be7 10. Be3 Qc7 11. a4 a5 12. bxa5 Nxa5 13. Na3 Bxa3 14. Rxa3 Nc4 15. Bxc4 dxc4 16. a5 Ne7 17. Bb6 Qb8 18. Re1 Nd5 19. Qd4 0-0 20. Bc5 Rfd8 21. Bd6 Qa8 22. h4 Qa6 23. h5 h6 24. g4 b6 25. Rea1 bxa5 26. Rxa5 Qb7 27. Nd2 Qb2 28. Nxc4 Qe2 29. Rc5 Rxc5 30. Bxc5 Qf3 31. Nd2 Qxc3 32. Qxc3 Nxc3 33. Nc4 Bc6 34. Nd6 Ra8 35. Rxa8+ Bxa8 36. Kh2 Ne2 37. Be3 Nc3 38. f4 Nd5 39. Bd2 Ne7 40. Kg3 Bc6 1/2-1/2

[Event "RUS Central Region-ch"]
[Site "Tula "]
[Date "2007.03.23"]
[Round "7"]
[White "Statsenko, Viktor"]
[Black "Vorobev, Kirill"]
[Result "1/2-1/2"]
[WhiteElo "2169"]
[BlackElo "2058"]
[PlyCount "65"]
[EventDate "2007.03.17"]
[EventType "swiss"]
[EventRounds "9"]
[EventCountry "RUS"]
[SourceTitle "EXT 2008"]
[Source "ChessBase"]
[SourceDate "2007.11.25"]
[SourceVersion "1"]
[SourceVersionDate "2007.11.25"]
[SourceQuality "1"]

1. Nf3 Nf6 2. g3 d5 3. Bg2 Bf5 4. 0-0 e6 5. d3 Nbd7 6. Nbd2 c6 7. c4 Bd6 8. b3 0-0 9. Bb2 h6 10. Re1 Bh7 11. a3 a5 12. e4 dxe4 13. dxe4 e5 14. Qc2 b6 15. h4 Qe7 16. Nh2 Rfe8 17. Nhf1 Bc5 18. Ne3 Nf8 19. Nf5 Qc7 20. Bc3 Ne6 21. Qb2 Ng4 22. Re2 Bxf5 23. exf5 Nd4 24. Re4 Nf6 25. Ree1 Bd6 26. Ne4 Nxe4 27. Bxe4 a4 28. b4 Rad8 29. Rad1 c5 30. b5 Be7 31. Re3 Bf6 32. Rde1 Re7 33. Bc2 1/2-1/2